| 000 | 00669nam a22002177a 4500 | ||
|---|---|---|---|
| 003 | 0 | ||
| 005 | 20250212121332.0 | ||
| 008 | 250212b xxu||||| |||| 00| 0 eng d | ||
| 020 | _a978-93-93884-21-3 | ||
| 050 |
_aRC 954 _b.H96 2022 |
||
| 245 |
_aOlder people nursing _cedited by Dr. P. Hyma |
||
| 260 |
_aNew Delhi, India _bRandom Publications, LLP _c2022 |
||
| 300 |
_avi, 291 pages ; _c24cm. |
||
| 504 | _aIncludes bibliographical references and index. | ||
| 650 | _aOlder people—Care. | ||
| 650 | _aGeriatric nursing. | ||
| 650 | _aNursing assessment—Older adults. | ||
| 650 | _aAging—Health aspects. | ||
| 700 | _aDr. P. Hyma | ||
| 942 |
_2lcc _cBK |
||
| 999 |
_c367189 _d367189 |
||